The cinematic city
Αποθηκεύτηκε σε:
| Άλλοι συγγραφείς: | |
|---|---|
| Μορφή: | Βιβλίο |
| Γλώσσα: | English |
| Δημοσίευση: |
London ; New York :
Routledge,
1997
|
| Θέματα: | |
| Ετικέτες: |
Προσθήκη ετικέτας
Δεν υπάρχουν, Καταχωρήστε ετικέτα πρώτοι!
|
MARC
| LEADER | 00000nam a2200000 i 4500 | ||
|---|---|---|---|
| 001 | 1/30792 | ||
| 008 | 060606s1997 eng d | ||
| 020 | |a 0-415-12745-9 (hbk.) | ||
| 035 | |l 10084240 | ||
| 040 | |a GR-MY-UA |b gre |e aacr | ||
| 041 | 0 | |a eng | |
| 082 | 0 | |a 791.43621732 |2 (22) | |
| 245 | 1 | 4 | |a The cinematic city / |c edited by David B. Clarke |
| 260 | |a London ; New York : |b Routledge, |c 1997 | ||
| 300 | |a ix, 252 σ.; |b εικ.; |c 26 εκ. | ||
| 504 | |a Περιέχει βιβλιογραφία και ευρετήριο | ||
| 650 | 0 | 0 | |a Cities and towns in motion pictures. |
| 650 | 0 | 0 | |a City and town life in motion pictures. |
| 700 | 1 | |a Clarke, David B. |d 1964- |4 edt | |
| 852 | |a INST |b LESVOS |e 20060606 |h 791.43621732 CIN |p 005100036054 |q 005100036054 |t BK |y 0 | ||
| 901 | |a BIBL1-2006-2 | ||
| 909 | |a Λ |b 128592 | ||
| 920 | |a ΕΠΕΑΕΚ ΚΟΙΝΩΝΙΚΗΣ ΑΝΘΡΩΠΟΛΟΓΙΑΣ ΚΑΙ ΙΣΤΟΡΙΑΣ |y ΛΕΣΒΟΣ |z 2006-05 | ||
| 970 | |a ΚΑΡΑ |b ΓΙΑΣΕΜΗ |z 2006/06/06 | ||